000 01062naa a22003137a 4500
001 BR8803111
003 BR-BrBNA
005 20240918180138.0
007 ta
008 230509b bl.||||| |||| 00| 0 por d
040 _aBR-BrBNA
_bpor
_cBiblioteca Nacional de Agricultura
041 _a(Pt)
072 _aE10; E70
090 _aE10 BR8803111
100 1 _aRodrigues, R.
100 1 _aMenezes, F.T. de
100 1 _aSchurmann, V.
100 1 _aFavreto, V.
111 1 _a1. Seminario Brasileiro de Soja na Alimentacao
_cSao Paulo, SP (Brazil)
_d23-24 Jun 1987
245 1 _aUma nova proposta de politica agricola, de comercializacao e de abastecimento no Brasil
260 3 _aSao Paulo, SP (Brasil):
_c1987.
500 _a3. CISOJA Sao Paulo, SP (Brasil): 1987. p. 113-121 (BR8803111-AM)E10
650 _aPOLITICA AGRICOLA
650 _aPOLITICA COMERCIAL
650 _aPOLITICA DE ABASTECIMENTO
773 0 _t3. CISOJA
_w0336 BR8803098
_gSao Paulo, SP (Brasil), 1987.
_q173 p.
909 _a202404
_bLucia
_c55
_dLucia Elande
942 _cAM
_2AGRIS
999 _c319283
_d319283